000 00404nam a2200145 i 4500
001 84087
003 ES-MaACL
007 t|
008 041119s1953 cu ||||1| spa d
100 1 _aIznaga, Alcides.
_965693
245 1 4 _aLos valedontes
_b: novela /
_cAlcides Iznaga.
260 _aCienfuegos :
_b[s.n.,
_c1953] (
_fUcar GarcĂ­a)
300 _a107 p. ;
_c19 cm.
852 _aES-MaACL
_jC-8807
_bR.36095
999 _c84087
_d84087